Vijay Mukhis writing visual basic controls using visual c++ / (Record no. 183188)
[ view plain ]
| 000 -LEADER | |
|---|---|
| fixed length control field | 00847nam a2200253Ia 4500 |
| 003 - CONTROL NUMBER IDENTIFIER | |
| control field | OSt |
| 005 - DATE AND TIME OF LATEST TRANSACTION | |
| control field | 20251209155100.0 |
| 008 - FIXED-LENGTH DATA ELEMENTS--GENERAL INFORMATION | |
| fixed length control field | 210716s1995 xx 000 0 und d |
| 020 ## - INTERNATIONAL STANDARD BOOK NUMBER | |
| International Standard Book Number | 8170295270 |
| 040 ## - CATALOGING SOURCE | |
| Transcribing agency | AIMIT LIBRARY |
| 041 ## - LANGUAGE CODE | |
| Language code of text/sound track or separate title | eng |
| 082 ## - DEWEY DECIMAL CLASSIFICATION NUMBER | |
| Classification number | 006.37 |
| Edition number | 1 |
| Item number | ELAG |
| 100 ## - MAIN ENTRY--PERSONAL NAME | |
| Personal name | Elavia, Gulzar N. |
| 9 (RLIN) | 248511 |
| 245 ## - TITLE STATEMENT | |
| Title | Vijay Mukhis writing visual basic controls using visual c++ / |
| Statement of responsibility, etc. | By Gulzar N Elavia, Sukumar Shetty and Ranjithkumar Gopi. |
| 250 ## - EDITION STATEMENT | |
| Edition statement | 1st ed. |
| 260 ## - PUBLICATION, DISTRIBUTION, ETC. | |
| Place of publication, distribution, etc. | New Delhi : |
| Name of publisher, distributor, etc. | BPB Publications , |
| Date of publication, distribution, etc. | 1995. |
| 300 ## - PHYSICAL DESCRIPTION | |
| Extent | ii,314p. ; |
| Other physical details | PB |
| Dimensions | 22 cm |
| 650 ## - SUBJECT ADDED ENTRY--TOPICAL TERM | |
| Topical term or geographic name entry element | Control memory management |
| 9 (RLIN) | 248512 |
| 650 ## - SUBJECT ADDED ENTRY--TOPICAL TERM | |
| Topical term or geographic name entry element | Types of custom properties |
| 9 (RLIN) | 248513 |
| 650 ## - SUBJECT ADDED ENTRY--TOPICAL TERM | |
| Topical term or geographic name entry element | Visual basic properties and events |
| 9 (RLIN) | 248514 |
| 700 ## - ADDED ENTRY--PERSONAL NAME | |
| Personal name | Shetty, Sukumar. |
| 9 (RLIN) | 248515 |
| 700 ## - ADDED ENTRY--PERSONAL NAME | |
| Personal name | Gopi, Ranjitkumar. |
| 9 (RLIN) | 248516 |
| 942 ## - ADDED ENTRY ELEMENTS (KOHA) | |
| Source of classification or shelving scheme | Dewey Decimal Classification |
| Koha item type | Book |
| Edition | 1st |
| Call number prefix | 006.37 ELAG |
| Withdrawn status | Lost status | Damaged status | Not for loan | Collection code | Home library | Current library | Date acquired | Total Checkouts | Full call number | Barcode | Date last seen | Price effective from | Koha item type |
|---|---|---|---|---|---|---|---|---|---|---|---|---|---|
| MCA | St Aloysius Institute of Management & Information Technology | St Aloysius Institute of Management & Information Technology | 07/16/2021 | 006.37 ELAG | MCA02696 | 05/23/2026 | 07/16/2021 | Book |